| Tag |
First Indicator |
Second Indicator |
Subfields |
| LEADER |
00000cam a2200000 a 4500 |
| 001 |
in00000391321 |
| 005 |
20151011103320.0 |
| 008 |
800730r1980 nyuac 00100 engm |
| 010 |
|
|
|a 80020561
|
| 020 |
|
|
|a 0871963698 :
|c $17.50
|
| 035 |
|
|
|a (OCoLC)06649923
|
| 035 |
|
|
|9 ABR3015AM
|
| 040 |
|
|
|a DLC
|c DLC
|d m.c.
|d TXA
|d UtOrBLW
|
| 043 |
|
|
|a n-us---
|
| 049 |
|
|
|a TXAM
|c [270860]
|
| 050 |
0 |
0 |
|a HV881
|b .A63
|
| 082 |
0 |
|
|a 362.7/0973
|2 19
|
| 245 |
0 |
0 |
|a America's troubled children /
|c edited by Jeanne Burr & Melinda Maidens.
|
| 264 |
|
1 |
|a New York, N.Y. :
|b Facts on File,
|c [1980]
|
| 264 |
|
4 |
|c ©1980
|
| 300 |
|
|
|a vii, 184 pages :
|b illustrations, portraits ;
|c 29 cm.
|
| 336 |
|
|
|a text
|b txt
|2 rdacontent
|
| 337 |
|
|
|a unmediated
|b n
|2 rdamedia
|
| 338 |
|
|
|a volume
|b nc
|2 rdacarrier
|
| 500 |
|
|
|a Compilation of reprints of newspaper editorials.
|
| 500 |
|
|
|a Includes index.
|
| 650 |
|
0 |
|a Children
|z United States.
|
| 650 |
|
0 |
|a Social problems.
|
| 650 |
|
0 |
|a Problem children
|z United States.
|
| 650 |
|
0 |
|a Child welfare
|z United States.
|
| 700 |
1 |
|
|a Burr, Jeanne.
|
| 700 |
1 |
|
|a Maidens, Melinda.
|
| 710 |
2 |
|
|a Facts on File, Inc.
|
| 999 |
|
|
|a MARS
|
| 999 |
f |
f |
|s ed81564c-2299-3d21-840b-029454c75285
|i 527ba147-6934-38f3-b8f1-a7cf53e24afc
|t 0
|
| 952 |
f |
f |
|p ric
|a Texas A&M University
|b Rellis Campus
|c Joint Library Facility
|d Remote Storage
|t 0
|e HV881 .A63
|h Library of Congress classification
|i unmediated -- volume
|m A14807609446
|
| 998 |
f |
f |
|a HV881 .A63
|t 0
|l Remote Storage
|